Quiz Primeiros-Ministros do Brasil Império - Statistics

Estatísticas Gerais
  • Esse quiz foi jogado 11 vezes
  • A pontuação média é 9 de 32
Estatísticas das Respostas
Hint Resposta % Correto
1871-75 José Maria da Silva ParanhosVisconde do Rio Branco
82%
1875-78 Luís Alves de Lima e SilvaDuque de Caxias
73%
1889 Afonso Celso de Assis FigueiredoVisconde de Ouro Preto
64%
1861-62 Luís Alves de Lima e Silva Marquês de Caxias
64%
1856-57 Luís Alves de Lima e Silva Marquês de Caxias
64%
1885-88 João Maurício WanderleyBarão de Cotejipe
55%
1853-56 Honório Hermeto Carneiro Leão Visconde/Marquês do Paraná
36%
1885 José Antônio Saraiva
36%
1880-82 José Antônio Saraiva
36%
1888-89 João Alfredo Correia de Oliveira
27%
1865-66 Pedro de Araújo Lima Marquês de Olinda
27%
1862-64 Pedro de Araújo Lima Marquês de Olinda
27%
1857-58 Pedro de Araújo Lima Marquês de Olinda
27%
1848-49 Pedro de Araújo Lima Visconde de Olinda
27%
1866-68 Zacarias de Góis e Vasconcelos
27%
1864 Zacarias de Góis e Vasconcelos
27%
1862 Zacarias de Góis e Vasconcelos
27%
1882-83 João Lustosa da Cunha ParanaguáVisconde de Paranaguá
18%
1868-70 Joaquim José Rodrigues Torres Visconde de Itaboraí
18%
1852-53 Joaquim José Rodrigues TorresVisconde de Itaboraí (futuro)
18%
1883-84 Lafayette Rodrigues Pereira
18%
1884-85 Manuel Pinto de Sousa Dantas
18%
1859-61 Ângelo Moniz da Silva FerrazBarão de Uruguaiana (futuro)
9%
1848 Francisco de Paula Sousa e Melo
9%
1864-65 Francisco José Furtado
9%
1878-80 João Lins Vieira Cansanção de SinimbuVisconde de Sinimbu (futuro)
9%
1849-52 José da Costa Carvalho Visconde de Monte Alegre
9%
1847-48 Manuel Alves Branco Visconde de Caravelas (futuro)
9%
1882 Martinho Álvares da Silva Campos
9%
1858-59 Antônio Paulino Limpo de Abreu Visconde de Abaeté
0%
1870-71 José Antônio Pimenta Bueno Visconde de São Vicente
0%
1848 José Carlos Pereira de Almeida Torres Visconde de Macaé
0%
Nenhum quiz correspondente encontrado
Distribuição das Pontuações
Porcentagem de Pessoas com Cada Pontuação
Percentil de Números Respondidos
Sua Pontuação Histórica
Você não jogou esse quiz